[Event "Grand Swiss "]
[Date "2025.09.15"]
[White "Yuffa, Daniil"]
[Black "Eljanov, Pavel"]
[WhiteElo "2648"]
[BlackElo "2682"]
[Round "11.11.55"]
[Result "1/2-1/2"]

1. Nf3 {[%clk 01:40:53] [%emt 00:00:06]} d5 {[%clk 01:40:45] [%emt 00:00:15]} 2.
g3 {[%clk 01:41:07] [%emt 00:00:16]} Nf6 {[%clk 01:37:28] [%emt 00:03:48]} 3.
Bg2 {[%clk 01:41:30] [%emt 00:00:06]} e6 {[%clk 01:37:52] [%emt 00:00:06]} 4.
O-O {[%clk 01:41:54] [%emt 00:00:05]} Be7 {[%clk 01:37:36] [%emt 00:00:47]} 5.
d3 {[%clk 01:42:15] [%emt 00:00:09]} O-O {[%clk 01:37:45] [%emt 00:00:22]} 6.
Nbd2 {[%clk 01:42:37] [%emt 00:00:07]} a5 {[%clk 01:35:52] [%emt 00:02:24]} 7.
e4 {[%clk 01:41:45] [%emt 00:01:23]} a4 {[%clk 01:35:52] [%emt 00:00:30]} 8. e5
{[%clk 01:40:10] [%emt 00:02:05]} Nfd7 {[%clk 01:36:04] [%emt 00:00:18]} 9. a3
{[%clk 01:39:20] [%emt 00:01:20]} f6 {[%clk 01:29:35] [%emt 00:07:00]} 10. exf6
{[%clk 01:38:09] [%emt 00:01:41]} Bxf6 {[%clk 01:29:59] [%emt 00:00:06]} 11. Re1
{[%clk 01:34:07] [%emt 00:04:32]} Nc6 {[%clk 01:25:17] [%emt 00:05:12]} 12. Nf1
{[%clk 01:31:37] [%emt 00:03:00]} e5 {[%clk 01:21:45] [%emt 00:04:03]} 13. Be3
{[%clk 01:21:36] [%emt 00:10:32]} Nb6 {[%clk 01:11:40] [%emt 00:10:35]} 14. Bxb6
{[%clk 01:14:54] [%emt 00:07:12]} cxb6 {[%clk 01:12:06] [%emt 00:00:04]} 15. c3
{[%clk 01:15:11] [%emt 00:00:13]} Bg4 {[%clk 01:06:33] [%emt 00:06:02]} 16. h3
{[%clk 01:03:56] [%emt 00:11:46]} Bh5 {[%clk 01:04:17] [%emt 00:02:45]} 17. N1h2
{[%clk 01:02:16] [%emt 00:02:11]} Kh8 {[%clk 00:55:10] [%emt 00:09:37]} 18. Qd2
{[%clk 00:52:10] [%emt 00:10:36]} Qd6 {[%clk 00:38:58] [%emt 00:16:41]} 19. Re2
{[%clk 00:46:52] [%emt 00:05:48]} Rae8 {[%clk 00:32:34] [%emt 00:06:54]} 20.
Rae1 {[%clk 00:43:59] [%emt 00:03:24]} b5 {[%clk 00:32:17] [%emt 00:00:47]} 21.
Ng4 {[%clk 00:37:43] [%emt 00:06:46]} h6 {[%clk 00:28:50] [%emt 00:03:57]} 22.
Nxf6 {[%clk 00:22:34] [%emt 00:15:39]} Rxf6 {[%clk 00:28:05] [%emt 00:01:15]}
23. g4 {[%clk 00:22:36] [%emt 00:00:28]} Bg6 {[%clk 00:25:36] [%emt 00:02:59]}
24. Nd4 {[%clk 00:14:17] [%emt 00:08:50]} Ref8 {[%clk 00:20:11] [%emt 00:05:54]}
25. Nxb5 {[%clk 00:14:08] [%emt 00:00:39]} Qc5 {[%clk 00:18:32] [%emt 00:02:09]}
26. Nc7 {[%clk 00:14:19] [%emt 00:00:19]} e4 {[%clk 00:14:47] [%emt 00:04:16]}
27. dxe4 {[%clk 00:13:10] [%emt 00:01:40]} dxe4 {[%clk 00:14:56] [%emt
00:00:20]} 28. Nd5 {[%clk 00:09:47] [%emt 00:03:53]} Rd8 {[%clk 00:11:28] [%emt
00:03:58]} 29. Rxe4 {[%clk 00:09:17] [%emt 00:01:01]} Bxe4 {[%clk 00:08:40]
[%emt 00:03:18]} 30. Rxe4 {[%clk 00:08:19] [%emt 00:01:28]} Ne7 {[%clk 00:06:58]
[%emt 00:02:12]} 31. c4 {[%clk 00:08:11] [%emt 00:00:38]} Nxd5 {[%clk 00:06:38]
[%emt 00:00:49]} 32. cxd5 {[%clk 00:08:37] [%emt 00:00:04]} Rdf8 {[%clk
00:06:53] [%emt 00:00:15]} 33. Re2 {[%clk 00:06:59] [%emt 00:02:08]} Rf4 {[%clk
00:05:34] [%emt 00:01:49]} 34. Be4 {[%clk 00:07:03] [%emt 00:00:26]} Qc4 {[%clk
00:05:04] [%emt 00:01:00]} 35. f3 {[%clk 00:06:23] [%emt 00:01:10]} Rxf3 {[%clk
00:04:30] [%emt 00:01:05]} 36. Bxf3 {[%clk 00:06:44] [%emt 00:00:10]} Rxf3
{[%clk 00:04:56] [%emt 00:00:03]} 37. Qc2 {[%emt 00:03:52]} Qd4+ {[%clk
00:04:34] [%emt 00:00:41]} 38. Kg2 {[%clk 00:03:21] [%emt 00:00:41]} Qxd5 {[%clk
00:04:00] [%emt 00:01:03]} 39. Qe4 {[%clk 00:02:56] [%emt 00:00:55]} Rd3 {[%clk
00:03:47] [%emt 00:00:43]} 1/2-1/2

[Site "Europe Echecs"]

[Event "Grand Swiss "]
[Date "2025.09.15"]
[White "Nigmatov, Ortik"]
[Black "Vakhidov, Jakhongir"]
[WhiteElo "2488"]
[BlackElo "2521"]
[Round "11.11.56"]
[Result "0-1"]

1. e4 {[%clk 01:40:54] [%emt 00:00:05]} e5 {[%clk 01:40:40] [%emt 00:00:21]} 2.
Nf3 {[%clk 01:41:03] [%emt 00:00:20]} Nc6 {[%clk 01:41:04] [%emt 00:00:07]} 3.
Bc4 {[%clk 01:41:09] [%emt 00:00:19]} Nf6 {[%clk 01:41:30] [%emt 00:00:10]} 4.
Ng5 {[%clk 01:41:17] [%emt 00:00:22]} d5 {[%clk 01:41:51] [%emt 00:00:08]} 5.
exd5 {[%clk 01:41:41] [%emt 00:00:07]} Na5 {[%clk 01:42:17] [%emt 00:00:04]} 6.
Bb5+ {[%clk 01:42:02] [%emt 00:00:09]} c6 {[%clk 01:42:42] [%emt 00:00:04]} 7.
dxc6 {[%clk 01:42:22] [%emt 00:00:11]} bxc6 {[%clk 01:43:07] [%emt 00:00:05]} 8.
Bd3 {[%clk 01:42:42] [%emt 00:00:10]} Nd5 {[%clk 01:43:06] [%emt 00:00:31]} 9.
Nf3 {[%clk 01:43:04] [%emt 00:00:08]} Bd6 {[%clk 01:43:26] [%emt 00:00:09]} 10.
O-O {[%clk 01:43:08] [%emt 00:00:26]} O-O {[%clk 01:43:38] [%emt 00:00:19]} 11.
Re1 {[%clk 01:42:32] [%emt 00:01:05]} Bg4 {[%clk 01:44:01] [%emt 00:00:06]} 12.
Nc3 {[%clk 01:26:04] [%emt 00:16:59]} f5 {[%clk 01:38:13] [%emt 00:06:18]} 13.
Nxd5 {[%clk 01:19:06] [%emt 00:07:28]} cxd5 {[%emt 00:12:14]} 14. Be2 {[%clk
01:17:29] [%emt 00:01:49]} e4 {[%clk 01:19:03] [%emt 00:08:14]} 15. Nd4 {[%clk
01:16:08] [%emt 00:01:51]} Bc5 {[%clk 01:17:30] [%emt 00:02:03]} 16. c3 {[%clk
00:39:48] [%emt 00:36:50]} Bxd4 {[%clk 01:14:52] [%emt 00:03:08]} 17. cxd4
{[%clk 00:34:01] [%emt 00:06:18]} Bxe2 {[%clk 01:15:08] [%emt 00:00:13]} 18.
Rxe2 {[%clk 00:30:33] [%emt 00:03:58]} Nc6 {[%clk 01:06:48] [%emt 00:08:50]} 19.
d3 {[%clk 00:30:28] [%emt 00:00:35]} Nxd4 {[%clk 01:07:08] [%emt 00:00:10]} 20.
Rd2 {[%clk 00:26:41] [%emt 00:04:17]} Qf6 {[%clk 01:04:54] [%emt 00:02:43]} 21.
Kh1 {[%clk 00:26:41] [%emt 00:00:31]} Ne6 {[%clk 00:53:26] [%emt 00:11:59]} 22.
dxe4 {[%clk 00:26:43] [%emt 00:00:28]} fxe4 {[%clk 00:38:06] [%emt 00:15:51]}
23. Rxd5 {[%clk 00:26:07] [%emt 00:01:06]} Qxf2 {[%clk 00:38:26] [%emt
00:00:09]} 24. Qg1 {[%clk 00:25:31] [%emt 00:01:06]} Qe2 {[%clk 00:38:47] [%emt
00:00:08]} 25. Rd1 {[%clk 00:22:48] [%emt 00:03:14]} Nc5 {[%clk 00:36:07] [%emt
00:03:06]} 26. Be3 {[%clk 00:16:14] [%emt 00:07:09]} Nd3 {[%clk 00:36:24] [%emt
00:00:13]} 27. Rf1 {[%clk 00:13:01] [%emt 00:03:43]} a5 {[%clk 00:31:37] [%emt
00:05:18]} 28. Bd4 {[%clk 00:12:32] [%emt 00:00:59]} Rxf1 {[%clk 00:24:03] [%emt
00:08:04]} 29. Rxf1 {[%clk 00:07:43] [%emt 00:05:19]} Re8 {[%clk 00:10:46] [%emt
00:13:47]} 30. h3 {[%clk 00:06:03] [%emt 00:02:10]} e3 {[%clk 00:11:01] [%emt
00:00:14]} 31. Rf3 {[%clk 00:05:43] [%emt 00:00:51]} Nf2+ {[%clk 00:11:01] [%emt
00:00:30]} 32. Kh2 {[%clk 00:05:24] [%emt 00:00:49]} Nd1 {[%clk 00:11:24] [%emt
00:00:06]} 33. Rf1 {[%clk 00:03:30] [%emt 00:02:24]} Nf2 {[%clk 00:11:43] [%emt
00:00:11]} 34. Bxe3 {[%clk 00:01:28] [%emt 00:02:32]} Nxh3 {[%clk 00:12:03]
[%emt 00:00:09]} 35. Kxh3 {[%clk 00:01:45] [%emt 00:00:13]} Rxe3+ {[%clk
00:12:25] [%emt 00:00:08]} 36. g3 {[%clk 00:01:59] [%emt 00:00:16]} Qh5+ {[%clk
00:09:30] [%emt 00:03:25]} 37. Kg2 {[%clk 00:02:29]} Qe5 {[%clk 00:09:52] [%emt
00:00:08]} 38. Kh3 {[%clk 00:01:25] [%emt 00:01:34]} Re2 {[%clk 00:06:40] [%emt
00:03:42]} 39. Rf2 {[%clk 00:01:46] [%emt 00:00:09]} Qe3 {[%clk 00:04:49] [%emt
00:02:20]} 40. Kg2 {[%clk 00:00:59] [%emt 00:01:18]} Re1 {[%clk 00:05:11] [%emt
00:00:08]} 41. Rf1 {[%clk 00:50:16] [%emt 00:01:13]} Qd2+ {[%clk 00:48:45] [%emt
00:06:56]} 42. Kh3 {[%clk 00:41:31] [%emt 00:09:15]} Re2 {[%clk 00:48:45] [%emt
00:00:30]} 43. Rf5 {[%clk 00:33:26] [%emt 00:08:35]} g6 {[%clk 00:37:33] [%emt
00:11:42]} 44. Rc5 {[%clk 00:29:51] [%emt 00:04:05]} Qd7+ {[%clk 00:31:51] [%emt
00:06:12]} 45. g4 {[%clk 00:29:58] [%emt 00:00:23]} h5 {[%clk 00:30:07] [%emt
00:02:13]} 46. Rg5 {[%clk 00:27:16] [%emt 00:03:12]} Kh7 {[%clk 00:18:03] [%emt
00:12:34]} 47. Qg3 {[%clk 00:21:47] [%emt 00:05:59]} Qb7 {[%clk 00:13:37] [%emt
00:04:54]} 48. Qg1 {[%clk 00:19:25] [%emt 00:02:55]} hxg4+ {[%clk 00:12:20]
[%emt 00:01:47]} 49. Rxg4 {[%clk 00:18:04] [%emt 00:01:51]} Qf3+ {[%clk
00:12:44] [%emt 00:00:06]} 50. Kh4 {[%clk 00:18:29] [%emt 00:00:05]} Re5 {[%clk
00:12:55] [%emt 00:00:19]} 51. Qa7+ {[%clk 00:17:27] [%emt 00:01:33]} Kh6 {[%clk
00:13:16] [%emt 00:00:08]} 0-1

[Site "Europe Echecs"]

[Event "Grand Swiss "]
[Date "2025.09.15"]
[White "Divya Deshmukh"]
[Black "Cheparinov, Ivan"]
[WhiteElo "2478"]
[BlackElo "2627"]
[Round "11.11.57"]
[Result "1/2-1/2"]

1. e4 {[%clk 01:40:57] [%emt 00:00:03]} c5 {[%clk 01:40:56] [%emt 00:00:04]} 2.
Nf3 {[%clk 01:41:25] [%emt 00:00:02]} e6 {[%clk 01:41:08] [%emt 00:00:17]} 3. c3
{[%clk 01:41:50] [%emt 00:00:05]} Nf6 {[%clk 01:40:39] [%emt 00:00:58]} 4. e5
{[%clk 01:42:17] [%emt 00:00:04]} Nd5 {[%clk 01:41:04] [%emt 00:00:05]} 5. d4
{[%clk 01:42:45] [%emt 00:00:02]} cxd4 {[%clk 01:41:22] [%emt 00:00:12]} 6. cxd4
{[%clk 01:43:11] [%emt 00:00:04]} d6 {[%clk 01:41:45] [%emt 00:00:06]} 7. Bc4
{[%clk 01:43:03] [%emt 00:00:39]} Be7 {[%clk 01:41:45] [%emt 00:00:30]} 8. O-O
{[%emt 00:00:24]} O-O {[%clk 01:42:05] [%emt 00:00:04]} 9. Qe2 {[%clk 01:42:59]
[%emt 00:00:46]} a6 {[%clk 01:42:29] [%emt 00:00:07]} 10. Nc3 {[%clk 01:39:57]
[%emt 00:03:31]} dxe5 {[%clk 01:42:18] [%emt 00:00:41]} 11. dxe5 {[%clk
01:38:06] [%emt 00:02:21]} Nxc3 {[%clk 01:42:04] [%emt 00:00:43]} 12. bxc3
{[%clk 01:38:34] [%emt 00:00:02]} b5 {[%clk 01:41:56] [%emt 00:00:38]} 13. Bd3
{[%clk 01:23:47] [%emt 00:15:17]} Bb7 {[%clk 01:40:14] [%emt 00:02:11]} 14. a4
{[%clk 01:22:47] [%emt 00:01:31]} Nd7 {[%clk 01:34:44] [%emt 00:06:01]} 15. axb5
{[%clk 01:21:54] [%emt 00:01:24]} Nc5 {[%clk 01:35:04] [%emt 00:00:09]} 16. Bc2
{[%clk 01:06:01] [%emt 00:16:23]} axb5 {[%clk 01:33:06] [%emt 00:02:29]} 17. Be3
{[%clk 01:05:54] [%emt 00:00:37]} Qc7 {[%clk 01:23:55] [%emt 00:09:41]} 18. Bd4
{[%clk 00:52:12] [%emt 00:14:12]} Qc6 {[%clk 01:22:28] [%emt 00:01:56]} 19. h4
{[%clk 00:49:32] [%emt 00:03:10]} h5 {[%clk 01:19:43] [%emt 00:03:14]} 20. Rfb1
{[%clk 00:43:26] [%emt 00:06:37]} Rxa1 {[%clk 01:15:20] [%emt 00:04:54]} 21.
Rxa1 {[%clk 00:43:52] [%emt 00:00:05]} Ra8 {[%clk 01:12:14] [%emt 00:03:35]} 22.
Rb1 {[%clk 00:42:01] [%emt 00:02:21]} Ra5 {[%clk 01:12:12] [%emt 00:00:31]} 23.
c4 {[%clk 00:30:51] [%emt 00:11:42]} bxc4 {[%clk 01:05:27] [%emt 00:07:15]} 24.
Qxc4 {[%clk 00:31:12] [%emt 00:00:08]} Nd7 {[%clk 01:03:13] [%emt 00:02:43]} 25.
Qb3 {[%clk 00:15:17] [%emt 00:16:26]} Ba8 {[%clk 01:02:42] [%emt 00:01:01]} 26.
Qd3 {[%clk 00:09:35] [%emt 00:06:13]} g6 {[%clk 01:03:04] [%emt 00:00:09]} 27.
Bb2 {[%clk 00:08:01] [%emt 00:02:04]} Rc5 {[%clk 00:56:34] [%emt 00:06:59]} 28.
Ra1 {[%clk 00:07:08] [%emt 00:01:24]} Rxc2 {[%clk 00:44:42] [%emt 00:12:22]} 29.
Rxa8+ {[%clk 00:07:34] [%emt 00:00:04]} Nf8 {[%clk 00:44:27] [%emt 00:00:44]}
30. Ra6 {[%clk 00:05:42] [%emt 00:02:23]} Qc5 {[%clk 00:40:13] [%emt 00:04:44]}
31. Bd4 {[%clk 00:06:08] [%emt 00:00:04]} Rc1+ {[%clk 00:40:37] [%emt 00:00:05]}
32. Kh2 {[%clk 00:06:37] [%emt 00:00:02]} Qd5 {[%clk 00:41:01] [%emt 00:00:05]}
33. Qe3 {[%clk 00:04:48] [%emt 00:02:19]} Rc4 {[%clk 00:38:02] [%emt 00:03:29]}
34. Ra7 {[%clk 00:05:12] [%emt 00:00:07]} Nd7 {[%clk 00:38:10] [%emt 00:00:22]}
35. Kh3 {[%clk 00:01:54] [%emt 00:03:48]} Kg7 {[%clk 00:37:33] [%emt 00:01:07]}
36. Qd2 {[%clk 00:01:51] [%emt 00:00:33]} Bd8 {[%clk 00:33:06] [%emt 00:04:57]}
37. Be3 {[%clk 00:01:24] [%emt 00:00:57]} Qxd2 {[%clk 00:32:36] [%emt 00:00:59]}
38. Bxd2 {[%clk 00:01:53] [%emt 00:00:01]} Bc7 {[%clk 00:31:58] [%emt 00:01:08]}
39. Ba5 {[%clk 00:00:52] [%emt 00:01:31]} Bxa5 {[%clk 00:32:01] [%emt 00:00:28]}
40. Rxa5 {[%clk 00:00:54] [%emt 00:00:28]} Rf4 {[%clk 00:29:12] [%emt 00:03:17]}
41. Ra3 {[%clk 00:43:02] [%emt 00:08:23]} Re4 {[%clk 01:16:12] [%emt 00:03:28]}
42. Re3 {[%clk 00:43:08] [%emt 00:00:24]} Rxe3 {[%clk 01:16:39] [%emt 00:00:04]}
43. fxe3 {[%clk 00:43:35] [%emt 00:00:04]} Nc5 {[%clk 01:15:16] [%emt 00:01:53]}
44. g3 {[%clk 00:38:37] [%emt 00:05:27]} Kf8 {[%clk 01:10:07] [%emt 00:05:40]}
45. Kg2 {[%emt 00:06:04]} Ke7 {[%emt 00:02:40]} 46. Ng5 {[%emt 00:07:28]} Nd3
{[%clk 01:01:19] [%emt 00:00:12]} 47. Nf3 {[%emt 00:05:04]} Nc5 {[%clk 00:55:17]
[%emt 00:01:31]} 48. Ng5 {[%emt 00:00:05]} Nd3 {[%clk 00:55:44] [%emt 00:00:01]}
1/2-1/2

[Site "Europe Echecs"]

[Event "Grand Swiss "]
[Date "2025.09.15"]
[White "Olisa, Tennyson Ewomazino"]
[Black "Jobava, Baadur"]
[WhiteElo "2287"]
[BlackElo "2590"]
[Round "11.11.58"]
[Result "1/2-1/2"]

1. c4 {[%clk 01:40:58] [%emt 00:00:01]} c6 {[%clk 01:40:56] [%emt 00:00:04]} 2.
d4 {[%clk 01:41:25] [%emt 00:00:03]} d5 {[%clk 01:41:23] [%emt 00:00:03]} 3. Nc3
{[%clk 01:41:52] [%emt 00:00:04]} Nf6 {[%clk 01:41:49] [%emt 00:00:04]} 4. Nf3
{[%clk 01:42:18] [%emt 00:00:04]} a6 {[%clk 01:42:14] [%emt 00:00:06]} 5. cxd5
{[%clk 01:42:43] [%emt 00:00:05]} cxd5 {[%clk 01:42:41] [%emt 00:00:03]} 6. Bf4
{[%clk 01:43:07] [%emt 00:00:05]} Nc6 {[%clk 01:43:08] [%emt 00:00:04]} 7. e3
{[%clk 01:43:33] [%emt 00:00:04]} Bf5 {[%clk 01:43:34] [%emt 00:00:03]} 8. Bd3
{[%clk 01:43:58] [%emt 00:00:05]} Bxd3 {[%clk 01:44:00] [%emt 00:00:05]} 9. Qxd3
{[%clk 01:44:23] [%emt 00:00:05]} e6 {[%clk 01:44:26] [%emt 00:00:04]} 10. O-O
{[%clk 01:44:48] [%emt 00:00:05]} Bd6 {[%clk 01:44:53] [%emt 00:00:03]} 11. Bxd6
{[%clk 01:45:12] [%emt 00:00:07]} Qxd6 {[%clk 01:45:19] [%emt 00:00:03]} 12. a3
{[%clk 01:45:37] [%emt 00:00:05]} O-O {[%clk 01:45:44] [%emt 00:00:06]} 13. Nd2
{[%clk 01:46:03] [%emt 00:00:05]} Nd7 {[%clk 01:46:09] [%emt 00:00:05]} 14. Nf3
{[%clk 01:46:29] [%emt 00:00:03]} Nf6 {[%clk 01:46:35] [%emt 00:00:04]} 15. Nd2
{[%clk 01:46:56] [%emt 00:00:03]} Nd7 {[%clk 01:47:02] [%emt 00:00:03]} 16. Nf3
{[%clk 01:47:23] [%emt 00:00:03]} Nf6 {[%clk 01:47:28] [%emt 00:00:04]} 17. Nd2
{[%clk 01:47:50] [%emt 00:00:03]} Nd7 {[%emt 00:00:36]} 1/2-1/2